| 000 | 00739cab a2200217 4500 | ||
|---|---|---|---|
| 001 | ABS55128 | ||
| 008 | 090401t1996 xxu||||| |||| 00| 0 eng d | ||
| 035 | _a(Sirsi) u14397 | ||
| 041 | _aeng | ||
| 245 | _aCool and the gang | ||
| 260 | _c1996 | ||
| 350 | _a0 | ||
| 490 |
_aBuilding _vBuilding Procurement Supplement May 1996, 15-17(3) |
||
| 520 | _aCompares costs of different electrical installation systems in various building types. Covers factors influencing installation costs and size of market for air-conditioning. Includes tables. | ||
| 650 | _aBUILDING SERVICES COSTS | ||
| 650 |
_aBlock management _96220 |
||
| 650 | _aELECTRICAL INSTALLATIONS | ||
| 690 |
_aBlock management _96220 |
||
| 942 | _n0 | ||
| 948 | _c04/03/1997 | ||
| 999 |
_c9376 _d9376 |
||